Huy Cận đời và thơ

Enregistré dans:
Détails bibliographiques
Auteur principal: Huy Cận
Format: Livre
Langue:Vietnamese
Publié: H. Văn học 1999
Tags: Ajouter un tag
Pas de tags, Soyez le premier à ajouter un tag!
Thư viện lưu trữ: Mạng thư viện Đại học Đà Nẵng
LEADER 00608nam a2200253 4500
001 000014307
003 10669
005 20120425140417.0
008 120425s1999 viesd
020 |c 68000 
041 0 |a vie 
082 |a 895.9221  |b HU-C 
100 0 |a Huy Cận 
245 0 |a Huy Cận đời và thơ  |c Huy Cận 
260 |a H.  |b Văn học  |c 1999 
300 |a 795 tr.  |c 21 cm 
OWN |a LSP 
999 |a From the UDN01 
TYP |a Monograph 
TYP |a Printed language 
980 |a Mạng thư viện Đại học Đà Nẵng